Subministrament elèctric /
Descripción Física:
31 p. ; 21 cm
Colección:
Consum (Barcelona (Catalunya : Província). Diputació)
; 14
Materias:
Energia elèctrica -- Distribució -- Dret i legislació -- Catalunya
; Energia elèctrica -- Consum -- Dret i legislació -- Catalunya
Idioma:
Catalán
MARC
| LEADER | 00000nam a2200000Ia 4500 | ||
|---|---|---|---|
| 001 | 12575 | ||
| 003 | Arxiu | ||
| 005 | 20260324175421.0 | ||
| 008 | 160829s1998 spc xx s cat c | ||
| 040 | |a AGDB | ||
| 041 | |a cat | ||
| 080 | |a FU-14-14 | ||
| 245 | 0 | 0 | |a Subministrament elèctric / |c text: Unió de Consumidors de Catalunya |
| 260 | |a Barcelona : |b Diputació de Barcelona. Servei de Salut Pública i Consum, |c 1998 | ||
| 300 | |a 31 p. ; |c 21 cm | ||
| 490 | 1 | |a Consum ; |v 14 | |
| 650 | |a Energia elèctrica |x Distribució |x Dret i legislació |x Catalunya |9 32821 | ||
| 650 | |a Energia elèctrica |x Consum |x Dret i legislació |x Catalunya |9 32822 | ||
| 710 | 2 | |a Unió de Consumidors de Catalunya |9 56021 |e entitat autora | |
| 710 | |a Barcelona (Catalunya : Província). |b Servei de Salut Pública i Consum |9 8151 |e entitat editora | ||
| 830 | 0 | |9 56020 |a Consum (Barcelona (Catalunya : Província). Diputació) |v 14 | |
| 901 | |a Arxiu | ||
| 942 | |n 1 |2 udc |c ARXIU | ||
| 952 | |0 0 |1 0 |4 0 |6 FU1414 |7 1 |9 46115 |a Arxiu |b Arxiu |d 2016-12-01 |l 0 |o FU-14-14 |p 12575 |r 2016-12-01 00:00:00 |w 2016-12-01 |y ARXIU | ||
| 999 | |c 49617 |d 49617 | ||